|
|
|
|
| LEADER |
01389nam a2200253 a 4500 |
| 001 |
GR-Patra28618 |
| 008 |
080722s gr gz 000 0 gre d |
| 040 |
|
|
|a GrPaTEI
|b gre
|c GR-PaULI
|
| 040 |
|
|
|a GrPaTEI
|b gre
|c GR-PaULI
|
| 100 |
1 |
|
|a Μαμάκα, Αικατερίνη
|
| 245 |
1 |
3 |
|a Οι εναλλακτικές μορφές και οι συνέπειες τους στην τουριστική ανάπτυξη της περιοχής Κάλυμνου /
|c Συνεργασία φοιτητών: Μαμάκα Αικατερίνη, Μαμάκα Ειρήνη ; Επιβλέπων καθηγητής: Μ. Ιγγλέση-Βενιέρη.
|
| 260 |
|
|
|a Πάτρα :
|b ΤΕΙ Πάτρας,
|c [200_]
|
| 504 |
|
|
|a Βιβλιογραφία: σ. 101
|
| 650 |
|
4 |
|a Πτυχιακή εργασία
|
| 651 |
|
4 |
|a Κάλυμνος
|x Τουρισμός
|
| 700 |
1 |
|
|a Ιγγλέση-Βενιέρη, Μαρία
|
| 700 |
1 |
|
|a Μαμάκα, Ειρήνη
|
| 710 |
0 |
|
|a Σ.Δ.Ο..
|b Τμήμα Τουριστικών Επιχειρήσεων
|
| 710 |
0 |
|
|a ΤΕΙ Πάτρας
|
| 856 |
4 |
0 |
|u https://nereus.library.upatras.gr/formerpat/ptyxiakes/sdo/sdo_te/x.x/6962pe.pdf
|
| 942 |
|
|
|2 ddc
|
| 952 |
|
|
|0 0
|1 0
|2 ddc
|4 0
|7 1
|9 311402
|a LISK
|b LISK
|c BSC
|d 2021-01-17
|e 24
|f 0
|g 0.00
|l 0
|p 9241006962
|r 2021-01-17 00:00:00
|t 1
|w 2021-01-17
|y BKN
|x 20090324 0 0
|x GrPaTEI
|
| 971 |
|
|
|a .b26761907
|b 08-10-20
|c 26-09-16
|
| 999 |
|
|
|c 178815
|d 178815
|